Безопасность жизнедеятельности, Учебное пособие

Podrobná bibliografie
Hlavní autor: С. Д. Подгорных
Shrnutí:Книга находится в премиум-версии платформы «Русский как иностранный».
Учебное пособие по дисциплине «Безопасность жизнедеятельности» разработано на кафедре ФВ и ОВС колледжа в соответствии с программой изучения данной дисциплины. В изложенном материале содержится вся тематика учебного курса, даны ключевые понятия, термины и вопросы для самопроверки.
Гарантированный срок размещения на платформе до 09.12.2028 (автопролонгация)
Vydáno: Волгоград, Волгоградский институт бизнеса, 2008
Vydání:Безопасность жизнедеятельности
Témata:
On-line přístup:Перейти к просмотру издания
Médium: MixedMaterials Elektronický zdroj

MARC

LEADER 00000 a2200000 4500
001 RU/ROS-EDU.RU/11307
856 4 |u https://www.ros-edu.ru/book?id=11307  |z Перейти к просмотру издания 
010 |a 978-5-9061-7205-1 
205 |a Безопасность жизнедеятельности  |b 2028-12-09 
333 |a Гарантированный срок размещения на платформе до 09.12.2028 (автопролонгация) 
100 |a 20080101d2008 |||y0rusy0250   |s 2028-12-09 
105 |a y z 000zy 
101 0 |a rus 
102 |a RU 
200 1 |a Безопасность жизнедеятельности  |b Электронный ресурс  |e Учебное пособие  |f С. Д. Подгорных 
700 1 |b С. Д.  |a Подгорных  |4 070 
330 |a Учебное пособие по дисциплине «Безопасность жизнедеятельности» разработано на кафедре ФВ и ОВС колледжа в соответствии с программой изучения данной дисциплины. В изложенном материале содержится вся тематика учебного курса, даны ключевые понятия, термины и вопросы для самопроверки. 
210 |a Волгоград  |c Волгоградский институт бизнеса  |d 2008 
610 1 |a Безопасность жизнедеятельности 
610 1 |a военное дело 
610 1 |a военная наука 
675 |a 355 
686 |a 68.9  |2 rubbk 
300 |a Книга находится в премиум-версии платформы «Русский как иностранный». 
215 |a 240 с.